000 00642nam a2200229Ia 4500
003 OSt
005 20220928141411.0
006 a|||||r|||| 00| 0
007 ta
008 220927b |||||||| |||| 00| 0 eng d
024 _a14705
037 _cTextual
040 _aSDCL
_cSDCL
_beng
041 _2eng
_aeng
082 _aD65,425, M7
100 _aCurrie Nicholas C Ed.
_9499883
245 0 _aPrinciples and applications of millimeter-wave radar.
260 _c1987
700 _a Brown Charles E Ed.
_9499884
942 _hD65,425, M7
_cTEXL
_2CC
999 _c817114
_d817114